[Event "Orsha blitz op"]
[Site "Orsha"]
[Date "2019.01.19"]
[Round "1"]
[White "Meshkov, Yuri A"]
[Black "Borodulin, Pavel"]
[Result "1-0"]
[WhiteElo "2387"]
[BlackElo "1481"]
[PlyCount "151"]
[EventDate "2019.01.19"]
[EventType "swiss (blitz)"]
[EventRounds "10"]
[EventCountry "BLR"]
[SourceTitle "CBM 189 Extra"]
[Source "ChessBase"]
[SourceDate "2019.06.03"]
[SourceVersion "1"]
[SourceVersionDate "2019.06.03"]
[SourceQuality "1"]

1. e4 c5 2. Nf3 d6 3. Bb5+ Bd7 4. a4 Nc6 5. h3 g6 6. 0-0 Bg7 7. Re1 Nf6 8. d3 0-0 9. Nbd2 a6 10. Bc4 Qc7 11. Nf1 Rfb8 12. Ne3 b5 13. axb5 axb5 14. Rxa8 Rxa8 15. Bxb5 Qb6 16. Bc4 Na5 17. Nd5 Nxd5 18. Bxd5 Bc6 19. b3 Bxd5 20. exd5 Nb7 21. Qe2 Bc3 22. Bd2 Bf6 23. Bg5 Kg7 24. Bxf6+ exf6 25. Nd2 Ra2 26. Nc4 Qa6 27. Qd2 Ra1 28. Rxa1 Qxa1+ 29. Kh2 f5 30. Qf4 Qa6 31. h4 f6 32. h5 Qa2 33. h6+ Kg8 34. Qe3 Qa8 35. Qe7 Qf8 36. Qxf8+ Kxf8 37. f4 Kf7 38. Kh3 g5 39. g4 Kg6 40. gxf5+ Kxf5 41. fxg5 fxg5 42. Ne3+ Kg6 43. Ng4 Nd8 44. c3 Nf7 45. b4 cxb4 46. cxb4 Kf5 47. b5 Nd8 48. b6 Kf4 49. Nf6 g4+ 50. Nxg4 Kf5 51. Kg3 Kg5 52. Ne3 Kxh6 53. Nf5+ Kg5 54. Nxd6 Kf6 55. b7 Nxb7 56. Nxb7 Ke5 57. d6 Ke6 58. Kg4 Kd7 59. d4 Kc6 60. d7 Kxd7 61. Nc5+ Kd6 62. Kf4 Kd5 63. Ke3 h5 64. Nd3 h4 65. Nf4+ Kd6 66. Ke4 Kd7 67. Ke5 Ke7 68. d5 Kd7 69. Nh3 Ke7 70. d6+ Kd7 71. Kd5 Kd8 72. Ke6 Ke8 73. Nf4 Kd8 74. d7 h3 75. Nxh3 Kc7 76. Ke7 1-0

[Event "Brest Black Pawn H op 2nd"]
[Site "Brest"]
[Date "2018.11.02"]
[Round "1"]
[White "Aliakbarov, Anar Samir Oglu"]
[Black "Borodulin, Pavel"]
[Result "1-0"]
[WhiteElo "2270"]
[BlackElo "1516"]
[PlyCount "57"]
[EventDate "2018.11.02"]
[EventType "swiss"]
[EventRounds "5"]
[EventCountry "BLR"]
[SourceTitle "CBM 187 Extra"]
[Source "ChessBase"]
[SourceDate "2018.11.04"]
[SourceVersion "1"]
[SourceVersionDate "2018.11.04"]
[SourceQuality "1"]

1. d4 Nf6 2. c4 e6 3. Nc3 Bb4 4. e3 d5 5. a3 Bxc3+ 6. bxc3 0-0 7. cxd5 exd5 8. Bd3 Nc6 9. Ne2 Re8 10. 0-0 Qd6 11. f3 Ne7 12. e4 dxe4 13. fxe4 Qc6 14. Qc2 Ng6 15. Ng3 Be6 16. Bg5 Ng4 17. h3 h6 18. Bd2 Nf6 19. e5 Nd5 20. Bxg6 fxg6 21. Qxg6 Qc4 22. Bxh6 Re7 23. Bxg7 Rxg7 24. Qxe6+ Kh8 25. Qh6+ Kg8 26. Nh5 Rxg2+ 27. Kxg2 Qe2+ 28. Rf2 Ne3+ 29. Kg1 1-0